00670nam a2200217Ia 450000500170000000800410001702000150005808200160007310000170008910000200010624500840012625000090021026000630021930000130028265000170029565000140031265000080032694200060033495200970034099900150043720240610052904.0240331s9999 xx 000 0 und d a9558027057 bGOMa323.34 aGomez, Mario aGomez, Shyamala 0aStriking a balancebusing international human rights to achieve gender equality a1 st aColombobCanadian International Development Agency'sc2004 a177 p ., aHuman Rights aPolitical aLaw cL 001040708LaWERCLbWERCLcSSCd2024-03-31l0o 323.34 GOMp169r2024-03-31w2024-03-31yL c2991d2991